Central Library OPAC University of Rajshahi
Normal view MARC view

Entry Topical Term

Number of records used in: 4

001 - CONTROL NUMBER

  • control field: 14193

003 - CONTROL NUMBER IDENTIFIER

  • control field: BD-RjUL

005 - DATE AND TIME OF LATEST TRANSACTION

  • control field: 20241110161800.0

008 - FIXED-LENGTH DATA ELEMENTS

  • fixed length control field: 241110|| aca||aabn | a|a d

040 ## - CATALOGING SOURCE

  • Original cataloging agency: BD-RjUL
  • Transcribing agency: BD-RjUL

150 ## - HEADING--TOPICAL TERM

  • Topical term or geographic name entry element: Fruit
  • Form subdivision: Gene
  • General subdivision: Wild Solanum

670 ## - SOURCE DATA FOUND

  • Source citation: Work cat.: (BD-RjUL)84274: PARVIN, MST. NURZAHAN 14192, IDENTIFICATION OF SHOOT AND FRUIT BORER RESISTANT GENE IN WILD SOLANUM SPP. AND ITS INTEGRATION INTO CULTIVATED BRINJAL (SOLANUM MELONGENA L.) THROUGH DISTANT HYBRIDIZATION / , 2020